000 01261cam a2200385 4500
001 ABS67847
008 040601n2004 000 0 eng u
035 _a(Sirsi) u126321
245 _aPublic housing and tenure forms in southeast Asia
260 _c2004
490 _aGlobal Tenant: International Union of Tenants' Quarterly Magazine
_v3(1) April 2004, 3-14(12)
520 _aProvides a range of features on public housing and tenure forms across southeast Asia. Covers:public housing in Hong Kong;tenancy issues in Tokyo; housing tenure in China; the housing situation in Vietnam and Thailand; and brief commentaries on Malaysia, Singapore and Taiwan. Table listing tenure forms and distribution in southeast Asia.
590 _aABS
590 _aABS
650 _aPUBLIC HOUSING
650 _aTENURE PATTERNS
650 _aSOUTHEAST ASIA
650 _aTAIWAN
650 _aTOKYO
650 _aSINGAPORE
650 _aHONG KONG
650 _aPHILIPPINES
650 _aMALAYSIA
650 _aVIETNAM
650 _aTHAILAND
650 _aHANOI
650 _aBANGKOK
650 _aCHINA
650 _aJAPAN
650 _aMACAU
650 _aKOREA
650 _aSEOUL
690 _aHOUSING-SOCIAL HOUSING
942 _n0
999 _c117419
_d117419